| 000 | 00823cab a2200253 4500 | ||
|---|---|---|---|
| 001 | WB3213-14 | ||
| 008 | 090401t1996 xxu||||| |||| 00| 0 eng d | ||
| 035 | _a(Sirsi) u60598 | ||
| 041 | _aeng | ||
| 245 | _aRailtrack accused | ||
| 260 | _c1996 | ||
| 350 | _a0 | ||
| 490 |
_aFinancial Times _v26 March 1996, 22(2) |
||
| 520 | _aRailtrack is accused of breaking up its freight depots and relocating stations so as to attract lucrative developments, when it is legally required to make sites available to rail operators at nominal rents. | ||
| 650 | _aFREIGHT DEPOTS | ||
| 650 | _aRAIL PRIVATISATION | ||
| 650 | _aRAILTRACK | ||
| 650 | _aRAILWAY STATIONS | ||
| 650 | _aREDEVELOPMENT | ||
| 690 | _aPROPERTY-PROPERTY DEVELOPMENT | ||
| 690 | _aTRANSPORT AND COMMUNICATIONS | ||
| 942 | _n0 | ||
| 948 | _c04/03/1997 | ||
| 999 |
_c37408 _d37408 |
||